| 000 | 00857nam a22002657a 4500 | ||
|---|---|---|---|
| 005 | 20250821153419.0 | ||
| 008 | 250821b |||||||| |||| 00| 0 eng d | ||
| 020 | _a978-81-952308-6-0 (pbk) | ||
| 037 | _cREF | ||
| 040 |
_aCRL _cCRL |
||
| 041 |
_2eng _aeng _htel |
||
| 084 |
_aO15,1A2k 35R1 _qCRL |
||
| 100 |
_aVenkataratnam, Gunji _9818365 |
||
| 245 | _aMahabharata Vijnana Sarvasvam | ||
| 260 |
_aHydrabad, India: _bEmsake Books, _c2021. |
||
| 300 | _axv, 1440p. | ||
| 365 |
_b1000.00 _cINR |
||
| 546 | _aTranslated from Sanskrit to Telugu | ||
| 650 | _aMahabharata | ||
| 650 | _aSanskrit Literature | ||
| 650 | _aSanskrit Poetry | ||
| 650 |
_aEncyclopedia _9253560 |
||
| 942 |
_2CC _cTB _hO15,1A2k 35R1 _n0 |
||
| 999 |
_c1434824 _d1434824 |
||